[Event "ROM-chT"]
[Site "Eforie Nord"]
[Date "2000.12.18"]
[Round "1"]
[White "Rogozenco, Dorian"]
[Black "Atalik, Suat"]
[Result "1-0"]
[WhiteElo "2531"]
[BlackElo "2549"]
[Annotator "Huebner,R"]
[PlyCount "81"]
[EventDate "2000.12.18"]
[EventType "team"]
[EventRounds "5"]
[EventCountry "ROU"]
[SourceTitle "CBM 081"]
[Source "ChessBase"]
[SourceDate "2001.03.20"]
[SourceVersion "1"]
[SourceVersionDate "2001.03.20"]
[SourceQuality "1"]
[WhiteTeam "Bucharest RAT"]
[BlackTeam "Timisoara AEM"]
[WhiteTeamCountry "ROU"]
[BlackTeamCountry "ROU"]

1. d4 {Rogozenko} d5 2. c4 c6 3. Nf3 Nf6 4. Nc3 dxc4 5. a4 Bf5 6. Ne5 Na6 7. e3
Nb4 8. Bxc4 e6 9. O-O Bd6 ({Natürlicher sieht} 9... Be7 {aus (Siehe Z. Ribli,
Slawisch D16-19 (Informatormonographie), D18/87).}) 10. Qe2 (10. Qf3 Bg6 11.
Nxg6 hxg6 12. h3 Bc7 13. Rd1 a5 14. e4 ({Mit} 14. b3 Qd6 15. Bb2 {würde Weiß
einen kleinen Vorteil behalten.}) 14... Nc2 15. d5 exd5 ({Schwarz mußte} 15...
Nxa1 {versuchen. Eine plausible Folge ist} 16. dxe6 Qe7 17. exf7+ Kf8 18. Qe2 (
{Nach} 18. Bf4 Nc2 19. Bxc7 Qxc7 {sehe ich nicht, wie Weiß genügend Spiel für
das geopferte Material bekommen kann.}) 18... Rd8 19. Be3 Rxd1+ (19... Nd7 20.
Rxa1 Ne5 21. Ba2 Nxf7 22. f4 {ist für Schwarz unbequem.}) 20. Qxd1 Qd6 21.
Qxd6+ Bxd6 22. e5 Be7 23. exf6 gxf6 {mit ungefähr ausgeglichener Stellung.
Nach dem Textzug dürfte Schwarz keine Rettung mehr finden können.}) 16. exd5
Nxa1 17. dxc6 Qe7 18. cxb7 Rb8 (18... Rd8 {ist nicht besser:} 19. Bg5 (19. Qc6+
Kf8 20. Rxd8+ (20. Be3 Rxd1+ 21. Nxd1 Kg8 $17) 20... Qxd8 21. Be3 {führt zu
einer unklaren Lage.}) 19... Nc2 (19... Rxd1+ 20. Qxd1 Qe5 21. Bb5+ Kf8 22. Bf4
{und Weiß gewinnt.}) (19... Qe5 20. Rxd8+ Kxd8 (20... Bxd8 21. Bf4 $18) 21.
Qd1+ Qd6 22. Qxd6+ Bxd6 23. Ne4 Kc7 24. Nxd6 Kxd6 25. Bf4+ Kc5 26. Bb5 {
mit Vorteil für Weiß.}) 20. Rxd8+ Kxd8 21. Nb5 Bb8 22. Qd1+ {mit Vorteil für
Weiß.}) 19. Qc6+ Kf8 20. Be3 Kg8 (20... Qe5 {ist ungenügend:} 21. Nb5 {ist
noch stärker:} (21. g3 Nc2 (21... Rxh3 22. Bf4 {ist hoffnungslos für Schwarz.})
22. Bf4 Nb4 23. Qxc7 Qxc7 24. Bxc7 Rxb7 25. Rd8+ {mit besserem Endspiel für
Weiß.}) 21... Qh2+ 22. Kf1 {und Weiß gewinnt.}) 21. Nd5 (21. Rxa1 Rxb7 22. Bc5
Qd7 {führt zu einer etwa ausgeglichenen Stellung.}) 21... Nxd5 22. Bxd5 Nb3 (
22... Qe5 {ist nicht besser:} 23. g3 Rxh3 24. Bf4 Qh5 25. Rxa1 Bxf4 26. Qc8+
Kh7 27. gxf4 Qf5 28. Rc1 {und Weiß gewinnt.}) ({Auch nach} 22... Rh5 23. Rxa1
Qe5 24. Rc1 {kann Schwarz auf die Dauer nicht überleben; der Bauer auf b7 ist
zu stark.}) 23. Bxb3 Rxb7 24. Bc5 Bh2+ 25. Kxh2 Qe5+ 26. f4 Qxf4+ 27. g3 Qb8 ({
Auf} 27... Rxh3+ 28. Kxh3 Rxb3 {folgt} 29. Qc8+ Kh7 30. Qg4 {und Weiß gewinnt.}
) 28. Bd6 Qa7 29. Bc5 Qb8 30. Rd8+ Qxd8 31. Qxb7 Qd2+ 32. Qg2 Qd3 33. Qd5 ({
Nach} 33. Bc2 {gewinnt Weiß mühelos.}) 33... Qe2+ (33... Qxd5 34. Bxd5 Rh5 35.
Bxf7+ Kxf7 36. Bd4 (36. b4 Rd5 37. Kg2 (37. h4 Rd2+ 38. Kh3 Rc2 {führt zum
Verlust}) 37... Rd2+ 38. Kf3 Rc2 39. Ke3 Rc3+ 40. Kd4 axb4 41. Bxb4 Rxg3 42. a5
{Weiß sollte remis halten können.}) 36... Rd5 37. Bc3 {ist ein einfacherer Weg
zum Remis.}) 34. Qg2 (34. Kg1 Qe1+ 35. Kg2 Qe2+ 36. Bf2 {führt mühelos zum
Gewinn. Der Textzug erreicht das Gegenteil. Wieder einmal wurde starkes und
ideenreiches Spiel grausam bestraft.}) 34... Rxh3+ 35. Kg1 Qe1+ {0-1 Garcia
Ilundain,D-Miles,A/Escaldes 1998/CBM 68/[Huebner,R] (35).}) 10... Nbd5 {
Dies ist ein neuer Versuch, aber besonders vertrauenerweckend scheint mir die
Stellung für Schwarz nicht zu sein: es ist schwierig, der Zentrumsbildung des
Weißen entgegenzuwirken. Vorgänger sind:} (10... Bc7 11. e4 Bg6 (11... Nxe4 12.
Nxe4 Qxd4 13. Nxf7 Kxf7 14. Ng5+ $18) 12. Rd1 Qe7 13. Bg5 h6 14. Nxg6 $5 (14.
Bh4 Bh7 15. f4 O-O-O $14) 14... fxg6 15. Bxf6 Qxf6 (15... gxf6 $2 16. Qg4 Kf7
17. d5 exd5 18. exd5 Kg7 19. dxc6 f5 20. Qe2 Nxc6 21. Qxe7+ Nxe7 22. Rd7 Bd8
23. Re1 Kf8 24. Rxb7 $18) 16. Qg4 Rd8 17. d5 $2 (17. Ne2 $1 $16 e5 $140 18. Ra3
) 17... e5 $4 (17... Ke7 $13 18. dxe6 $140 Nc2) 18. dxc6 bxc6 19. Rxd8+ Kxd8
20. Rd1+ Bd6 21. Nb5 cxb5 22. Bxb5 {1-0 Shirov,A-Hertneck,G/BL9596 1996} Qe7
23. Qxg6 Kc7 24. Rxd6 Qxd6 25. Qxg7+ Kb6 26. Qxh8 Qd1+ 27. Bf1 $18) ({Mit} 
10... O-O {kann Schwarz sofort verlieren:} 11. e4 Bg6 12. Nxg6 hxg6 13. e5 {
usw.}) 11. f3 Nb6 {'N' Rogozenko. Rogozenko: 'After the fourth move with the
Knight which was played by Suat quickly, I suspected that he analized this
position at home. Black fights for the initiative very early and the only way
for White is to act concrete and quick, otherwise Black will get a comfortable
position.'} ({Nach} 11... Nxc3 12. bxc3 Nd7 (12... Bxe5 13. dxe5 Nd7 14. e4 Bg6
15. f4 {ist ungünstig für Schwarz.}) 13. e4 Nxe5 (13... Bg6 14. f4) 14. dxe5
Bc5+ 15. Kh1 Bg6 16. f4 Qh4 17. Be3 {behält Schwarz Schwierigkeiten mit der
Aktivierung seines weißfeldrigen Läufers.}) (11... Qc7) 12. e4 ({Nach} 12. Bb3
Bxe5 13. dxe5 Bd3 14. Qf2 (14. Qd2 Bxf1 $19 {is the main idea of Black's play.}
) 14... Bxf1 15. exf6 Bc4 16. fxg7 Rg8 {dürfte Weiß kaum ausreichende
Kompensation für die geopferte Qualität erhalten.}) (12. Bd3 $2 Bxe5 13. Bxf5
Bxh2+ (13... Bxd4 $4 14. exd4 Qxd4+ 15. Be3 $18) 14. Kxh2 exf5 $19) (12. Rd1 $6
Qc7 {Black is very okay to say the least.} (12... Nxc4 13. Nxc4 $11)) 12... Bg6
(12... Bxe5 $2 13. dxe5 Qd4+ 14. Be3 Qxc4 15. exf6 Bg6 16. fxg7 $18) 13. Bb3 $1
{Dies ist ein interessantes Bauernopfer. Rogozenko: 'The most ambitious move.
White prefers to keep the Bishop and is ready to sac a pawn for that.'} (13.
Nxg6 $2 Bxh2+ 14. Kxh2 hxg6+ 15. Kg1 (15. Kg3 Nh5+) 15... Qxd4+ {führt
unmittelbar zum Verlust.}) (13. Rd1 Qc7 {führt zu befriedigendem Spiel für
Schwarz, weil} 14. f4 Bh5 {für Weiß ungünstig ist.}) (13. Be3 Qc7 $1) 13...
Bxe5 (13... Qc7 14. f4 {führt zu deutlichem Vorteil für Weiß.}) (13... c5 14.
Be3 $5 $14 (14. Qb5+ Nfd7 15. Bf4 $1 $36)) 14. dxe5 Qd4+ {Rogozenko: 'So Black
wins a pawn, but his B on g6 is in very dangerous position, and the King is
still on e8.'} (14... Nfd7 15. f4 Nc5 16. Bc2 $16) 15. Qe3 (15. Be3 Qxe5 16. f4
$140 $6 (16. a5 Nbd7 $13) 16... Qa5 17. f5 Bh5 $17) 15... Qxe5 (15... Qxe3+ $2
16. Bxe3 Nfd7 17. a5 Nc8 18. f4 $18) 16. f4 Qc7 (16... Qa5 $142 17. f5 Bh5 18.
h3 (18. fxe6 O-O 19. Rf5 $36) 18... Qb4 $13) 17. f5 Bh5 18. h3 (18. fxe6 {
This was enough to achieve a considerable advantage, but White is aiming for
more.} O-O 19. a5 Nc8 20. e5 $16) 18... Nbd7 19. a5 (19. g4 Bxg4 20. hxg4 Nxg4
$132) 19... Qe5 20. g4 {Ich sehe in dem Abspiel nach 13...Le5: keine
Verbesserungsmöglichkeiten für Schwarz. In der vorliegenden Stellung bilden
drei Bauern keine ausreichende Kompensation für die Figur, die Schwarz
eingebüßt hat.} Nxg4 21. hxg4 Bxg4 {'+/-' Rogozenko.} 22. Qf4 {Rogozenko: 'It
is a matter of taste the way to play in this position. I felt like playing an
endgame with no risks at all and with huge chances to win.'} (22. Qf2 $5 {
/\Bf4+/-.}) 22... Qxf4 23. Bxf4 Ke7 ({Nach} 23... exf5 24. exf5 (24. Bd6 $1 $18
) 24... O-O 25. Bd6 Rfe8 26. Ra4 h5 27. Ne4 {entfalten die Figuren des Weißen
große Aktivität.}) 24. Be3 Rhd8 25. Rf4 h5 (25... Ne5 26. Bc5+ Kd7 (26... Ke8
27. fxe6 fxe6 28. Raf1 $18) 27. fxe6+ Bxe6 28. Rd1+ Kc7 29. Rxd8 Rxd8 30. Bxe6
fxe6 31. Bxa7 $18) 26. Rxg4 $1 $18 {Rogozenko: 'This was the idea when I
traded Queens. White keeps on attacking in endgame as well.'} (26. Raf1 $16)
26... hxg4 27. fxe6 Ne5 ({Die Fortsetzung} 27... fxe6 28. Bg5+ Nf6 29. e5 {
ist hoffnungslos für Schwarz.}) 28. exf7 Kf6 (28... Nxf7 29. Rf1 $18) 29. Rf1+
Nf3+ 30. Kg2 b6 31. axb6 axb6 32. Bxb6 (32. Kg3 Kg6 33. Ne2 $18) 32... Rdb8 33.
Bc5 (33. e5+ $1 Kg6 34. e6 Rxb6 35. e7 Rbb8 36. Kg3 $18) 33... Rxb3 34. f8=Q+
Rxf8 35. Bxf8 Rxb2+ 36. Kg3 Kg6 37. Rc1 Rb8 38. Bd6 Rb7 39. Kxg4 Nd4 40. Bg3
Rb3 41. Bf4 1-0

[Event "George Marx Memorial 2nd"]
[Site "Paks"]
[Date "2004.06.12"]
[Round "7"]
[White "Beliavsky, Alexander G"]
[Black "Acs, Peter"]
[Result "1-0"]
[WhiteElo "2667"]
[BlackElo "2548"]
[Annotator "Huebner,R"]
[PlyCount "85"]
[EventDate "2004.05.05"]
[EventType "tourn"]
[EventRounds "10"]
[EventCountry "HUN"]
[EventCategory "14"]
[SourceTitle "CBM 102"]
[Source "ChessBase"]
[SourceDate "2004.09.23"]
[SourceVersion "1"]
[SourceVersionDate "2004.09.23"]
[SourceQuality "1"]

1. d4 d5 2. c4 c6 3. Nf3 Nf6 4. Nc3 dxc4 5. a4 Bf5 6. Ne5 Nbd7 7. Nxc4 Nb6 8.
Ne5 a5 9. f3 Nfd7 10. Nxd7 Nxd7 11. e4 Bg6 12. f4 {Comp Deep Fritz-Huebner,R 
(2612) Dortmund Man-Machine m 2001 (5) 1/2 Dies ist eine scharfe Idee, die in
dieser Stellung wohl erst ein Mal angewandt wurde (siehe Anmerkung zum 13.
Zuge von Weiß). Der Vorstoß e7-e5 wird gründlich verhindert, und Schwarz muß
aufpassen, daß sein weißfeldriger Läufer nicht gefangen wird; aber Weiß ist
wenig entwickelt, und der Punkt e4 wird geschwächt. Dadurch werden auch die
übrigen weißen Felder in Mitleidenschaft gezogen, und dem Läufer auf g6 winkt
eine schöne Zukunft, wenn er nicht erobert wird. Schon vor einiger Zeit habe
ich gesehen, wie die gleiche Idee in einer ähnlichen Stellung verwirklicht
wurde; damals entsprang sie aber nicht einem Menschenhirn: Dr. D. Fritz - R.
Hübner, Wettkampf Dortmund 2001, 5. Partie: 1.d4 d5 2.c4 c6 3.Sf3 Sf6 4.Sc3
dc4: 5.a4 Lf5 6.Se5 Sbd7 7.Sc4: Sb6 8.Se5 e6 9.f3 Sfd7 10.a5 Se5: 11.ab6: Sd7
12.e4 Lg6 13.ba7: Db6 14.f4 Der Zug rief heftiges Kopfschütteln des
Machinenbedieners hervor, aber ich konnte ihn nicht widerlegen: 14...Lb4 15.
Dd3 0-0 16.Le2 Sf6 17.f5 ef5: 18.ef5: Lh5 19.Lh5: Sh5: 20.0-0 Ta7: mit etwa
ausgeglichener Stellung. Auch in der vorliegenden Position dürfte der Zug kaum
stärker sein als das übliche 12.Le3.} e6 13. Bc4 ({In der Vorgängerpartie
geschah} 13. Bd3 Nf6 14. Be3 Bb4 15. Qc2 Ng4 16. Bg1 O-O 17. O-O-O f5 18. e5
Nh6 19. Kb1 Kh8 20. Be3 Ng8 21. g4 {1/2-1/2 Sorokin,M-Kuporosov,V/Nizhnij
Novgorod 1998/EXT 2000 (21).}) 13... Nf6 14. e5 Ne4 15. O-O Bb4 16. Ne2 {
Weiß möchte den Springer auf e4 bedrängen, weil er kein Rückzugsfeld hat; aber
dies ist nicht möglich. Die Figur steht auf e4 zu stark, und Abtausch sollte
nicht vermieden werden.} (16. Nxe4 Bxe4 17. Be3 $11) 16... O-O 17. Be3 Qe7 18.
Qb3 Rab8 19. Rad1 Rfc8 20. Kh1 $2 (20. Nc3 {führt zu etwa gleichem Spiel.})
20... b5 21. Bd3 (21. axb5 cxb5 22. Bd3 a4 23. Qa2 Qb7 {führt zu einer guten
Stellung für Schwarz;} 24. d5 Qxd5 25. Qxd5 exd5 26. f5 Bh5 {ist unzureichend.}
) 21... bxa4 22. Qc2 {Andere Züge sind nicht besser:} (22. Qxa4 Nd2 23. Bxd2
Bxd3 {ist günstig für Schwarz.}) (22. Qa2 a3 (22... c5 23. d5 Nd2 (23... exd5
24. f5 Bh5 25. Qxd5 Nf6 26. exf6 Qxe3 27. Bc4 {ist nicht günstig für Schwarz.})
24. d6 Qd7 25. Bxg6 (25. Bxd2 Bxd3 26. Rfe1 Bc2 {kostet den Weißen Material.})
25... Nxf1 26. Bxf7+ Kxf7 27. Rxf1 Qb5 28. Ng3 c4 29. Ne4 {führt zu unklarem
Spiel.}) 23. bxa3 (23. Qb1 {ist nicht stärker:} Bh5 24. Bc4 f5 25. exf6 Nxf6
26. f5 Bxe2 {usw.}) 23... Bxa3 {mit Vorteil für Schwarz.}) 22... c5 23. d5 (23.
Nc3 Nxc3 24. bxc3 cxd4 25. Bxd4 a3 {ist unbequem für Weiß; deshalb mischt er
die Stellung auf. Schwarz behält aber auch so beträchtlichen Vorteil.}) 23...
exd5 24. f5 Bh5 25. Bxe4 dxe4 26. Bf4 c4 $6 (26... e3 {mit der Absicht Lb4-d2
dürfte noch unangenehmer für Weiß sein.}) 27. e6 Rb7 28. Rd4 Bxe2 $2 {In der
vorliegenden Stellung ist der weißfeldrige Läufer des Schwarzen wertvoller als
der pringer des Weißen; es gibt keinen Grund ihn abzutauschen. Nach} (28...
fxe6 29. Rxe4 a3 {behält Schwarz Vorteil:} 30. Ng3 (30. Rxe6 Qd7 {ist nicht
besser.}) 30... Bf7 31. bxa3 Bxa3 32. Rxc4 Rxc4 33. Qxc4 Qd7 {usw.}) 29. Qxe2
fxe6 30. Rxe4 e5 $6 (30... a3 31. bxa3 Bxa3 32. Rxc4 (32. fxe6 Rb6 (32... c3
33. Rc4 Re8 34. Rxc3 Rb6 35. Qa2 Bb4 36. Rc7 Qxe6 37. Be5)) 32... Rf8 33. fxe6
g5 {führt zum Remis.}) 31. Bxe5 Qf7 32. f6 g6 33. h4 $6 (33. Bc3 {mit der
Drohung, auf e7 einzudringen, ist stärker:} Bf8 (33... a3 34. Bxb4 axb2 35. Re7
{führt zum Gewinn für Weiß.}) 34. Bxa5 {, und die Stellung ist ausgeglichen.})
33... Re8 $6 (33... a3 34. bxa3 Bxa3 $17) 34. h5 (34. Rxc4 {führt zu gutem
Spiel.}) 34... g5 {Diese Schwächung gibt dem Weißen Chancen.} (34... a3 {
ist immer noch gut genug.}) 35. Bh2 Rxe4 36. Qxe4 Rd7 $6 (36... Bf8 {ist
sicherer.}) 37. Qf5 Qd5 $2 {Dies führt zum Verlust.} (37... Bd2 {ergibt eine
etwa ausgeglichene Stellung, denn} 38. Rd1) (37... h6 38. Qg6+ Qxg6 39. hxg6
Rd5 {zur Verhinderung von Lh2-e5 führt zu einer unklaren Lage; ich traue der
sache für Schwarz nicht.}) 38. f7+ $18 Qxf7 ({Auf} 38... Kf8 {folgt} 39. Bd6+ {
nebst 40.Df5xh7, wenn Schwarz mit einer Schwerfigur auf d6 schlägt.}) 39. Qxg5+
Qg7 40. Qf5 h6 41. Qe6+ Rf7 42. Rf3 Be7 43. Be5 {Offenbar brach Schwarz -
unter Zeitknappheit leidend - unnötig zusammen.} 1-0

[Event "EU-ch 5th"]
[Site "Antalya"]
[Date "2004.05.23"]
[Round "8"]
[White "Nyback, Tomi"]
[Black "Ivanchuk, Vassily"]
[Result "0-1"]
[WhiteElo "2545"]
[BlackElo "2716"]
[Annotator "Huebner,R"]
[PlyCount "64"]
[EventDate "2004.05.15"]
[EventType "swiss"]
[EventRounds "13"]
[EventCountry "TUR"]
[SourceTitle "CBM 101"]
[Source "ChessBase"]
[SourceDate "2004.07.27"]
[SourceVersion "1"]
[SourceVersionDate "2004.07.27"]
[SourceQuality "1"]

1. d4 d5 2. Nf3 Nf6 3. c4 c6 4. Nc3 dxc4 5. a4 Bf5 6. Nh4 Bd7 7. g3 e6 8. Bg2
c5 $1 {Natürlich ist vor Ivanchuk noch niemand auf diese Idee verfallen; sie
sieht aber nicht nur gesund aus, sondern scheint dem Schwarzen sogar Vorteil
zu verschaffen.} (8... Be7 9. O-O O-O 10. e4 Qa5 11. Bd2 Qa6 12. Nf3 Rd8 13.
Qe2 Be8 14. Be3 Nbd7 15. Nd2 e5 16. Nxc4 exd4 17. Bxd4 Nb6 18. Nxb6 Qxe2 19.
Nxe2 axb6 20. Bxb6 Rd2 21. Nc3 Rxb2 $11 {1-0 Ibragimov,I-Tikkanen,K/Skelleftea
1999/EXT 2000 (52). (51)}) 9. d5 $6 {Es ist fraglich, ob diese Fortsetzung zum
Ausgleich genügt: Schwarz ist nun ebenso gut entwickelt wie Weiß, und die
Bauernstruktur des Weißen am Damenflügel ist verzogen. Es ist aber deutlich,
warum dem Weißen die Annahme des Opfers nicht gefällt.} ({Auf} 9. Bxb7 {folgt}
Bc6 10. Bxa8 (10. Bxc6+ Nxc6 11. dxc5 Qxd1+ 12. Nxd1 Nd4 {ist offensichtlich
unbequem für Weiß.}) 10... Bxa8 11. d5 (11. O-O {ist nicht besser:} cxd4 12.
Nb5 Nc6 ({Nach} 12... Bc5 13. Qc2 Bd5 14. b4 {kann Weiß das Zentrum des
Schwarzen zerstören.}) 13. Nf3 e5 14. Qc2 (14. Bg5 a6 15. Bxf6 gxf6 16. Na3 Na5
{ist gleichermaßen unbequem für Weiß.}) 14... a6 15. Na3 Bxa3 16. Rxa3 Qd5 {
mit Vorteil für Schwarz.}) 11... exd5 12. O-O d4 13. Nb5 a6 14. Na3 Qd5 15. Nf3
Nc6 {Die Stellung des Weißen sieht nicht angenehm aus. Dennoch muß diese Folge
versucht werden; immerhin hat Weiß materiellen Vorteil als Ausgleich für die
strukturellen Mängel seiner Stellung, während er nach dem Textzug ohne
weiteres schlechter steht.}) 9... exd5 10. Nxd5 Nc6 11. Qc2 ({Die Fortsetzung} 
11. Bg5 Be7 12. Nxe7 Qxe7 13. Ra3 O-O-O {sieht auch nicht attraktiv für Weiß
aus.}) 11... Nxd5 12. Bxd5 Nb4 13. Qe4+ Be7 14. Bxc4 O-O (14... Bc6 15. Bb5 Qd4
16. Qxd4 cxd4 17. O-O Bxh4 {führt zu einem günstigen Endspiel für Schwarz.
Auch mit der Partiefortsetzung behält Schwarz erheblichen Vorteil. Vielleicht
sind die beiden Fortsetzungen ungefähr gleichwertig.}) 15. Nf5 Bxf5 16. Qxf5
Qd4 17. Bd3 Nxd3+ 18. Qxd3 Qb4+ 19. Kf1 $6 {Weiß sollte Damentausch anstreben:}
(19. Qc3 Qe4 20. f3 Qe6 21. Qc2 {oder auch}) (19. Qd2 {mit Rettungsaussichten.}
) 19... c4 20. Qc2 Bf6 21. Kg2 Rfd8 22. Rb1 a6 23. Be3 b5 24. Rhc1 h6 25. h4
Rac8 26. axb5 axb5 27. Qe4 Qb3 28. Qc2 Qa2 29. Bd2 $2 (29. b3 Qxc2 30. Rxc2 c3
31. Bb6 {mußte versucht werden.}) 29... c3 $19 30. Bxc3 b4 31. Ra1 Qd5+ 32. e4
Qe6 0-1

[Event "BIH-chT"]
[Site "Neum"]
[Date "2004.05.31"]
[Round "3.1"]
[White "Ruck, Robert"]
[Black "Shirov, Alexei"]
[Result "0-1"]
[WhiteElo "2556"]
[BlackElo "2713"]
[Annotator "Huebner,R"]
[PlyCount "64"]
[EventDate "2004.05.29"]
[EventType "team"]
[EventRounds "9"]
[EventCountry "BIH"]
[SourceTitle "CBM 102"]
[Source "ChessBase"]
[SourceDate "2004.09.23"]
[SourceVersion "1"]
[SourceVersionDate "2004.09.23"]
[SourceQuality "1"]
[WhiteTeam "Sarajevo Zeljeznicar"]
[BlackTeam "Sarajevo Bosna"]
[WhiteTeamCountry "BIH"]
[BlackTeamCountry "BIH"]

1. Nf3 d5 2. d4 c6 3. c4 Nf6 4. Nc3 dxc4 5. a4 Bf5 6. Ne5 Nbd7 7. Nxc4 Qc7 8.
g3 e5 9. dxe5 Nxe5 10. Bf4 Nfd7 11. Bg2 g5 12. Ne3 gxf4 13. Nxf5 O-O-O 14. Qc2
Nc5 15. O-O Ne6 16. Rfd1 {Meist hat man den a-Turm auf die d-Linie gespielt.
Der Textzug ist plausibel, wenn man am Damenflügel angreifen will. Die
Schwächung der Deckung des Punktes f2 dürfte nicht schwerwiegend sein.} Bc5 (
16... Bb4 17. Na2 Be7 18. b4 Bf6 19. Nc3 Ng6 20. Rac1 Kb8 21. Ne4 $14 {1-0
Nureev,G-Asanov,T/Moscow 2002/EXT 2003 (47). (46)}) 17. Ne4 Bb4 18. Rxd8+ Rxd8
19. a5 $6 {Dies ist keine wirksame Idee; es scheint daß Schwarz den Bauern
ungestraft verdauen kann.} fxg3 20. hxg3 Bxa5 21. Ned6+ $2 {Hier steht der
Springer exponiert; er kann sich nicht auf d6 halten. Er sollte eher die
Besetzung des Feldes f6 anstreben. Mit} (21. b4 Bb6 22. e3 Kb8 23. Rd1 {
kann Weiß noch um Ausgleich kämpfen.}) 21... Kb8 22. Qe4 f6 23. Qh4 Ng5 24. Qh6
Ng6 25. e4 $6 {Dies runiert die Bauernstruktur endgültig (und kann auch
taktisch widerlegt werden).} ({Die Fortsetzung} 25. e3 Bb4 26. Ne4 Qe5 27. Nxg5
Qxf5 28. Ne4 Qe5 29. Qxh7 Qxb2 30. Rf1 Ne7 {ist allerdings auf die Dauer auch
hoffnungslos.}) 25... Bb4 (25... Rxd6 26. Nxd6 Bd2 27. f4 Qxd6 28. fxg5 Qxg3 {
ist ebenfalls sehr stark.}) 26. Nc4 Qf7 27. b3 Rd3 28. Rb1 b5 $19 29. Nce3 Ne5
30. f4 Bf8 31. Qh1 Bc5 32. fxe5 Rxe3 0-1

[Event "RUS-ch sf 58th"]
[Site "Kazan"]
[Date "2005.09.09"]
[Round "7"]
[White "Belov, Vladimir"]
[Black "Lugovoi, Aleksei"]
[Result "1-0"]
[WhiteElo "2596"]
[BlackElo "2556"]
[Annotator "Huebner,R"]
[PlyCount "115"]
[EventDate "2005.09.03"]
[EventType "swiss"]
[EventRounds "9"]
[EventCountry "RUS"]
[SourceTitle "CBM 109"]
[Source "ChessBase"]
[SourceDate "2005.11.14"]
[SourceVersion "1"]
[SourceVersionDate "2005.11.14"]
[SourceQuality "1"]

1. d4 d5 2. c4 c6 3. Nc3 Nf6 4. Nf3 dxc4 5. a4 Bf5 6. Ne5 Nbd7 7. Nxc4 Nb6 8.
Ne5 a5 9. f3 Nfd7 10. Nxd7 Nxd7 11. e4 Bg6 12. Qb3 Qc7 $6 {Besser ist} (12...
e5 13. dxe5 Bb4 14. Be3 (14. e6 {führt zu nichts Gutem:} Nc5 15. exf7+ Bxf7 16.
Qc2 Bb3 {mit einer unerfreulichen Stellung für Weiß.}) (14. h4 h5 15. Bf4 Qe7 {
schwächt nur den Königsflügel des Weißen.}) 14... Nxe5 15. Be2 (15. Rd1 Qe7 16.
Be2 f6 $11) 15... Nd3+ 16. Bxd3 ({Die Fortsetzung} 16. Kf1 Nc5 (16... Ne5 17.
f4 {ist ungünstig für Schwarz.}) 17. Bxc5 Bxc5 18. Qxb7 O-O 19. Qxc6 Rc8 (19...
Qd4 20. Nd1 Rfd8 21. Rc1 Rac8 22. Qb5 {ist nicht klar.}) 20. Qd5 Qh4 21. g3
Qh3+ 22. Ke1 Qg2 {verspricht dem Weißen keine Freude.}) 16... Qxd3 17. Kf2 Qd6
18. Na2 Bc5 19. Rad1 Bxe3+ 20. Qxe3 Qe7 $15 {1/2-1/2 Ruck,R-Beliavsky,A/
Leipzig 2002/CBM 089/[Huebner,R] (49). (48)}) 13. Be3 e6 14. Bc4 (14. Rc1 Bb4
15. Be2 O-O 16. O-O Rad8 17. Kh1 $14 {1/2-1/2 Bielmeier,L-Bensch,P/Bayern 1998/
EXT 2000 (54). (53)}) 14... Bd6 $2 (14... Be7 {ist passiv, aber nicht
hoffnungslos.}) 15. h4 Bg3+ 16. Kf1 Nf6 {Auch wenn Schwarz den h-Bauern bewgt,
verliert er Material:} (16... h5 17. Rh3 (17. Bxe6 {ist natürlich auch gut.})
17... O-O 18. e5 {mit Figurengewinn.}) 17. Ne2 Nh5 18. Rh3 f5 {Schwarz muß
schon zu Verzweiflungsmaßnahmen greifen. Es gibt keine vernünftige
Verteidigung gegen die Drohung e4-e5, zum Beispiel} (18... Bf4 19. g4 Bxe3 20.
Qxe3 Nf6 21. h5 {, und Weiß gewinnt.}) 19. Nxg3 $6 (19. Bxe6 fxe4 20. Nxg3
Nxg3+ 21. Rxg3 Qxg3 22. Qxb7 Rd8 23. Qxc6+ Kf8 24. d5 {führte unmittelbar zum
Gewinn.}) 19... Nxg3+ 20. Kf2 f4 21. Bxf4 Nxe4+ 22. Ke3 Nd6 23. Bxe6 {Auch
diese Stellung ist natürlich hoffnungslos für Schwarz.} Rf8 24. Be5 c5 25. Re1
cxd4+ 26. Kf2 d3 27. Bxd6 Qxd6 28. Bf5+ Kd8 29. Bxg6 d2 30. Rd1 hxg6 31. Qe3
Kc7 32. Rxd2 Qf6 33. Qc5+ Kb8 34. Qd6+ Ka7 35. Qc5+ Kb8 36. Qd6+ Ka7 37. Qxf6
Rxf6 38. Rg3 Rc8 39. Rg4 Rc7 40. Kg3 b6 41. Rgd4 Kb7 42. Rd7 Kc6 43. Rxc7+ Kxc7
44. Rd5 Kc6 45. Re5 Rd6 46. b3 Kd7 47. Kg4 Rd3 48. Kg5 Rd6 49. g4 Kd8 50. f4
Kd7 51. h5 gxh5 52. Kxh5 Rh6+ 53. Kg5 Rh3 54. Rb5 Rh6 55. f5 Rd6 56. Re5 Rd3
57. Kg6 Rg3 58. g5 1-0